Statistics for Country names in Dutch - Africa

Click here to take the quiz!

General Stats

  • This quiz has been taken 4 times
  • The average score is 48 of 52

Answer Stats

DutchEnglish% Correct
AlgerijeAlgeria
100%
AngolaAngola
100%
BeninBenin
100%
BotswanaBotswana
100%
Burkina FasoBurkina Faso
100%
BurundiBurundi
100%
KameroenCameroon
100%
ComorenComoros
100%
DjiboutiDjibouti
100%
Congo-KinshasaD.R. Congo
100%
Equatoriaal-GuineaEquatorial Guinea
100%
EritreaEritrea
100%
SwazilandEswatini
100%
EthiopiëEthiopia
100%
GabonGabon
100%
GambiaGambia
100%
GhanaGhana
100%
GuineeGuinea
100%
KeniaKenya
100%
LesothoLesotho
100%
LiberiaLiberia
100%
LibiëLibya
100%
MadagaskarMadagascar
100%
MalawiMalawi
100%
MaliMali
100%
MauritiusMauritius
100%
MauritaniëMaurittania
100%
MarokkoMorocco
100%
NamibiëNamibia
100%
NigerNiger
100%
NigeriaNigeria
100%
Congo-BrazzavilleR. Congo
100%
SenegalSenegal
100%
SeychellenSeychelles
100%
Sierra LeoneSierra Leone
100%
SomaliëSomalia
100%
Zuid-AfrikaSouth Africa
100%
Zuid-SoedanSouth Sudan
100%
SoedanSudan
100%
TanzaniaTanzania
100%
TogoTogo
100%
TunesiëTunisia
100%
OegandaUganda
100%
ZambiaZambia
100%
ZimbabweZimbabwe
100%
TsjaadChad
75%
EgypteEgypte
75%
IvoorkustIvory Coast
75%
Sao Tomé en PrincipeSao Tomé en Principe
50%
Guinea-BissauBuinea Bissau
0%
KaapverdiëCabo Verde
0%
RwandaRuanda
0%

Score Distribution

Percentile by Number Answered

Percent of People with Each Score

Your Score History

You have not taken this quiz